[Event "Werther Schloss op-B 12th"]
[Site "Werther"]
[Date "2006.04.09"]
[Round "4"]
[White "Helmke, Carsten"]
[Black "Unruh, Heinrich"]
[Result "0-1"]
[WhiteElo "2063"]
[BlackElo "1929"]
[PlyCount "84"]
[EventDate "2006.04.07"]
[EventType "swiss"]
[EventRounds "5"]
[EventCountry "GER"]
[SourceTitle "EXT 2008"]
[Source "ChessBase"]
[SourceDate "2007.11.25"]
[SourceVersion "1"]
[SourceVersionDate "2007.11.25"]
[SourceQuality "1"]

1. e4 c5 2. Nf3 Nc6 3. d4 cxd4 4. Nxd4 Nf6 5. Nc3 e5 6. Ndb5 d6 7. Bg5 a6 8. Na3 b5 9. Bxf6 gxf6 10. Nd5 Bg7 11. Bd3 Be6 12. 0-0 Ne7 13. Nxe7 Qxe7 14. c3 Rd8 15. Nc2 d5 16. exd5 Rxd5 17. Nb4 Rd6 18. Qf3 Qd7 19. Be4 0-0 20. Rfd1 Rd2 21. Nxa6 Rd8 22. Bc2 e4 23. Rxd2 Qxd2 24. Qd1 e3 25. Qxd2 Rxd2 26. Bxh7+ Kxh7 27. fxe3 Rxb2 28. Nb4 Re2 29. a4 bxa4 30. Rxa4 Bh6 31. Kf1 Rxe3 32. Ra3 Bf8 33. Nc2 Bc4+ 34. Kg1 Rd3 35. Ra5 Rd1+ 36. Kf2 Rd2+ 37. Ke3 Rxc2 38. Kd4 Be6 39. Ra8 Bg7 40. Kd3 Rxg2 41. c4 Rxh2 42. c5 Rh3+ 0-1

[Event "Werther Schloss op-B 12th"]
[Site "Werther"]
[Date "2006.04.08"]
[Round "2"]
[White "Helmke, Carsten"]
[Black "Hoelting, Siegfried"]
[Result "1-0"]
[WhiteElo "2063"]
[BlackElo "1927"]
[PlyCount "127"]
[EventDate "2006.04.07"]
[EventType "swiss"]
[EventRounds "5"]
[EventCountry "GER"]
[SourceTitle "EXT 2008"]
[Source "ChessBase"]
[SourceDate "2007.11.25"]
[SourceVersion "1"]
[SourceVersionDate "2007.11.25"]
[SourceQuality "1"]

1. e4 e5 2. Nf3 Nc6 3. Bb5 a6 4. Ba4 Nf6 5. 0-0 b5 6. Bb3 Be7 7. Re1 0-0 8. c3 d6 9. h3 Na5 10. Bc2 c5 11. d4 Qc7 12. Nbd2 Ne8 13. Nf1 c4 14. dxe5 dxe5 15. Qd5 Bd6 16. Be3 Bb7 17. Qd2 Be7 18. Rad1 Nf6 19. Ng3 Rad8 20. Qe2 Rfe8 21. Rxd8 Rxd8 22. Rd1 Rxd1+ 23. Qxd1 Bc6 24. b4 cxb3 25. axb3 Nb7 26. Qa1 a5 27. c4 Nd7 28. Nf5 Bb4 29. Bd2 Bf8 30. Bc3 f6 31. Nd2 Bc5 32. Bd3 b4 33. Bb2 Qb6 34. Qe1 a4 35. bxa4 Bxa4 36. Nf1 g6 37. N5e3 Bd6 38. Nd5 Qc6 39. Nxb4 Qb6 40. Bc3 Ndc5 41. Bb1 Bb3 42. Ne3 Na4 43. Nbd5 Qd8 44. Bb4 Kg7 45. Qd2 Nac5 46. Qc3 Ba4 47. Ng4 Be7 48. Qe3 g5 49. Ngxf6 Bxf6 50. Bxc5 Nxc5 51. Qxc5 Qb8 52. Qb6 Qxb6 53. Nxb6 Bc6 54. Nd5 Bd8 55. f3 Bxd5 56. exd5 h6 57. c5 Kf7 58. Kf2 Ke7 59. Ke3 Ba5 60. Ke4 Bb4 61. d6+ Kd7 62. Kd5 Ba5 63. c6+ Kd8 64. Bf5 1-0

[Event "Suedniedersachsen distr-ch"]
[Site "Bad Salzdetfurth"]
[Date "2004.10.16"]
[Round "3"]
[White "Pye, Raymond"]
[Black "Helmke, Carsten"]
[Result "1-0"]
[WhiteElo "1535"]
[BlackElo "1948"]
[PlyCount "103"]
[EventDate "2004.10.15"]
[EventType "swiss"]
[EventRounds "5"]
[EventCountry "GER"]
[SourceTitle "EXT 2008"]
[Source "ChessBase"]
[SourceDate "2007.11.25"]
[SourceVersion "1"]
[SourceVersionDate "2007.11.25"]
[SourceQuality "1"]

1. e4 c5 2. Nf3 d6 3. d4 cxd4 4. Nxd4 Nf6 5. Nc3 a6 6. Be2 e6 7. Be3 Be7 8. f4 0-0 9. Nb3 Nc6 10. 0-0 b5 11. Bf3 Bb7 12. Qe2 Qc7 13. Qf2 Rac8 14. Rac1 Nd7 15. a3 Na5 16. g4 Nc4 17. Nd1 Nf6 18. Qg2 d5 19. e5 Nxe3 20. Nxe3 Qb6 21. Qe2 Nd7 22. g5 Nc5 23. Kh1 Rfd8 24. Ng4 d4 25. Nxc5 Rxc5 26. Qg2 Bxf3 27. Qxf3 Rdc8 28. Qg2 Qc6 29. Rf3 Rxc2 30. Rxc2 Qxc2 31. Rf2 Qb1+ 32. Rf1 Rc1 33. Nf6+ gxf6 34. gxf6+ Qg6 35. Rxc1 Bf8 36. Qxg6+ hxg6 37. Kg2 Bh6 38. Kf3 Kh7 39. h4 Bf8 40. Rc8 Bh6 41. Rd8 a5 42. Rxd4 Bf8 43. Rd7 Kg8 44. Rd8 b4 45. axb4 axb4 46. b3 g5 47. fxg5 Kh7 48. Rxf8 Kg6 49. Kg4 Kh7 50. Rxf7+ Kg8 51. g6 Kh8 52. Rf8# 1-0

[Event "Wilhelm Werner Memorial-H 27th"]
[Site "Bockenem"]
[Date "2002.05.12"]
[Round "7"]
[White "Soellig, Martin"]
[Black "Helmke, Carsten"]
[Result "1-0"]
[WhiteElo "1988"]
[BlackElo "1945"]
[PlyCount "115"]
[EventDate "2002.05.??"]
[EventType "swiss"]
[EventRounds "7"]
[EventCountry "GER"]
[SourceTitle "EXT 2008"]
[Source "ChessBase"]
[SourceDate "2007.11.25"]
[SourceVersion "1"]
[SourceVersionDate "2007.11.25"]
[SourceQuality "1"]

1. e4 e5 2. Nf3 Nc6 3. Bb5 a6 4. Bxc6 dxc6 5. 0-0 Qd6 6. d4 exd4 7. Qxd4 Qxd4 8. Nxd4 Bd7 9. Be3 0-0-0 10. Nc3 Bb4 11. Nce2 Re8 12. a3 Bd6 13. Nc3 Nf6 14. f3 c5 15. Nb3 b6 16. Nd1 Ba4 17. Nc3 Bc6 18. Rad1 Be5 19. Rd2 Nd7 20. Nd1 Bf6 21. Bf4 Rd8 22. Kf2 Ne5 23. Rxd8+ Rxd8 24. Bxe5 Bxe5 25. Ke1 Bxh2 26. Rh1 Bg3+ 27. Nf2 c4 28. Nc1 Bxf2+ 29. Kxf2 Rd2+ 30. Ne2 Rxc2 31. Rxh7 Rxb2 32. Rxg7 c3 33. Ke3 c2 34. Nc1 a5 35. Kd2 Ba4 36. Rxf7 b5 37. g4 b4 38. axb4 axb4 39. g5 Be8 40. g6 Kb7 41. Rf6 Bxg6 42. Rxg6 b3 43. f4 Rb1 44. Nxb3 Rxb3 45. Kxc2 Re3 46. Re6 Kc8 47. f5 Kd7 48. Kd2 Rf3 49. Ke2 Rh3 50. Rg6 Rc3 51. e5 Rc5 52. e6+ Ke7 53. Rg7+ Kf6 54. Rf7+ Kg5 55. e7 Re5+ 56. Kd3 c5 57. f6 Kg6 58. Rf8 1-0

[Event "Wilhelm Werner Memorial-H 27th"]
[Site "Bockenem"]
[Date "2002.05.11"]
[Round "6"]
[White "Schmidt, Lars"]
[Black "Helmke, Carsten"]
[Result "1/2-1/2"]
[WhiteElo "1944"]
[BlackElo "1947"]
[PlyCount "49"]
[EventDate "2002.05.??"]
[EventType "swiss"]
[EventRounds "7"]
[EventCountry "GER"]
[SourceTitle "EXT 2008"]
[Source "ChessBase"]
[SourceDate "2007.11.25"]
[SourceVersion "1"]
[SourceVersionDate "2007.11.25"]
[SourceQuality "1"]

1. e4 c5 2. Nc3 Nc6 3. g3 g6 4. Bg2 Bg7 5. d3 d6 6. Be3 e6 7. Qd2 Nge7 8. Bh6 0-0 9. h4 Bxh6 10. Qxh6 f6 11. Qd2 d5 12. exd5 exd5 13. Nge2 Be6 14. d4 c4 15. 0-0 Qd7 16. Nf4 Rae8 17. Rfe1 Bf7 18. Re2 g5 19. hxg5 fxg5 20. Nh3 h6 21. Rae1 Qf5 22. Nb5 Qd7 23. Nc3 Qf5 24. Nb5 Qd7 25. Nc3 1/2-1/2

[Event "Wilhelm Werner Memorial-H 27th"]
[Site "Bockenem"]
[Date "2002.05.08"]
[Round "1"]
[White "Helmke, Carsten"]
[Black "Kuelshammer, Michael"]
[Result "1/2-1/2"]
[WhiteElo "1947"]
[BlackElo "1709"]
[PlyCount "179"]
[EventDate "2002.05.??"]
[EventType "swiss"]
[EventRounds "7"]
[EventCountry "GER"]
[SourceTitle "EXT 2008"]
[Source "ChessBase"]
[SourceDate "2007.11.25"]
[SourceVersion "1"]
[SourceVersionDate "2007.11.25"]
[SourceQuality "1"]

1. e4 g6 2. d4 Bg7 3. Nc3 c6 4. Nf3 d5 5. h3 dxe4 6. Nxe4 Nd7 7. Bd3 Ngf6 8. Nxf6+ Nxf6 9. 0-0 0-0 10. c3 Qc7 11. Re1 Nd5 12. Bd2 c5 13. dxc5 Qxc5 14. Qc2 e6 15. a3 Qc7 16. Rad1 Bd7 17. Qc1 Ba4 18. Bc2 Bxc2 19. Qxc2 Rac8 20. Qa4 a6 21. Qe4 b5 22. Bc1 a5 23. Ng5 Qc4 24. Qf3 Nf6 25. Ne4 Nxe4 26. Rxe4 Qc6 27. Bf4 Rfd8 28. Rde1 Qd5 29. Qg3 Rd7 30. h4 Qb3 31. Bc1 Qd5 32. Bg5 Qb3 33. R4e2 b4 34. axb4 axb4 35. cxb4 Qxb4 36. h5 Rb7 37. h6 Bf8 38. Qe5 Rc5 39. Qf6 Rf5 40. Qd8 Rb8 41. Qd2 Qxd2 42. Bxd2 Rxb2 43. g4 Rd5 44. Be3 Rxe2 45. Rxe2 g5 46. Rc2 Bxh6 47. Rc8+ Bf8 48. Bc1 Kg7 49. Bb2+ e5 50. Re8 f6 51. Kg2 Rd2 52. Bc3 Rc2 53. Ba5 Kf7 54. Rb8 Bc5 55. Be1 e4 56. Rb7+ Kg6 57. Kf1 h5 58. gxh5+ Kxh5 59. Rc7 Rc1 60. Ke2 Ba3 61. Ra7 Bd6 62. Ra6 Be5 63. Bd2 Rc2 64. Kd1 Rc4 65. Ke2 Rc5 66. Re6 Rd5 67. Be3 f5 68. Re8 f4 69. Bc1 Ra5 70. Bd2 Rb5 71. Re7 Kg6 72. Re8 Kf7 73. Ra8 Bd4 74. Rd8 Bb6 75. Rd7+ Ke6 76. Rg7 f3+ 77. Kd1 Bxf2 78. Bxg5 Rd5+ 79. Kc2 Bd4 80. Re7+ Kf5 81. Bh4 Bf6 82. Rf7 Rd6 83. Bf2 Kg4 84. Be3 Bg5 85. Rg7 Rd5 86. Rg8 Rf5 87. Bf2 e3 88. Bxe3 f2 89. Rxg5+ Rxg5 90. Bxf2 1/2-1/2

[Event "Baunatal op 7th"]
[Site "Baunatal"]
[Date "2001.08.09"]
[Round "2"]
[White "Wagle, Marina"]
[Black "Helmke, Carsten"]
[Result "1-0"]
[WhiteElo "1589"]
[BlackElo "1869"]
[PlyCount "56"]
[EventDate "2001.08.08"]
[EventType "swiss"]
[EventRounds "7"]
[EventCountry "GER"]
[SourceTitle "EXT 2002"]
[Source "ChessBase"]
[SourceDate "2001.11.25"]
[SourceVersion "1"]
[SourceVersionDate "2001.11.25"]
[SourceQuality "1"]

1. d4 Nf6 2. Nf3 e6 3. e3 b6 4. Bd3 Bb7 5. Nbd2 Be7 6. Qe2 0-0 7. e4 c5 8. dxc5 Bxc5 9. e5 Ne8 10. Ne4 Be7 11. Nfg5 h6 12. Nh7 Kxh7 13. Nd6+ Kg8 14. Nxb7 Qc7 15. Nd6 f5 16. Nxe8 Rxe8 17. g4 Nc6 18. f4 Nd4 19. Qg2 fxg4 20. Qxg4 Nxc2+ 21. Kd1 Nxa1 22. Rg1 Bf8 23. Qg6 Rec8 24. Ke2 Nc2 25. Qh7+ Kf7 26. Bg6+ Ke7 27. Bxc2 Qxc2+ 28. Bd2 Qxh7 1-0

[Event "Wilhelm Werner Memorial-H 24th"]
[Site "Bockenem"]
[Date "1999.05.14"]
[Round "4"]
[White "Helmke, Carsten"]
[Black "Meyer, Malte"]
[Result "0-1"]
[WhiteElo "1812"]
[BlackElo "1846"]
[PlyCount "116"]
[EventDate "1999.05.??"]
[EventType "swiss"]
[EventRounds "7"]
[EventCountry "GER"]
[SourceTitle "EXT 2008"]
[Source "ChessBase"]
[SourceDate "2007.11.25"]
[SourceVersion "1"]
[SourceVersionDate "2007.11.25"]
[SourceQuality "1"]

1. d4 d5 2. c4 c6 3. Nf3 Nf6 4. Nc3 e6 5. e3 Nbd7 6. Qc2 Bd6 7. Bd3 0-0 8. 0-0 dxc4 9. Bxc4 e5 10. Rd1 Qe7 11. Bd3 Re8 12. Ng5 h6 13. Nge4 Nxe4 14. Nxe4 Bc7 15. Bd2 Nf6 16. Nxf6+ Qxf6 17. Bc3 exd4 18. Bxd4 Qh4 19. g3 Qh5 20. Be2 Bg4 21. Bxg4 Qxg4 22. Rac1 h5 23. Bc5 Red8 24. Be7 Re8 25. Bd6 Bb6 26. Bc5 Rad8 27. Bxb6 axb6 28. Rxd8 Rxd8 29. Qc4 Rd2 30. Qxg4 hxg4 31. Rb1 b5 32. a3 Kf8 33. Kf1 Ke7 34. Ke1 Rc2 35. Kf1 f5 36. Ke1 Ke6 37. Kf1 c5 38. b3 b6 39. Ke1 Ke5 40. b4 c4 41. Rd1 Ra2 42. Rd7 Rxa3 43. Re7+ Kd5 44. Rd7+ Ke4 45. Rd4+ Ke5 46. Ke2 Ra2+ 47. Ke1 Rb2 48. h3 gxh3 49. Rh4 Rxb4 50. Rxh3 c3 51. Kd1 Rb2 52. Rh2 b4 53. Kc1 b3 54. f4+ Ke4 55. Rh8 Ra2 56. Re8+ Kf3 57. Kb1 c2+ 58. Kc1 Ra1+ 0-1

[Event "Wilhelm Werner Memorial-H 24th"]
[Site "Bockenem"]
[Date "1999.05.13"]
[Round "3"]
[White "Loehnhardt, Benjamin"]
[Black "Helmke, Carsten"]
[Result "0-1"]
[WhiteElo "1951"]
[BlackElo "1812"]
[PlyCount "92"]
[EventDate "1999.05.??"]
[EventType "swiss"]
[EventRounds "7"]
[EventCountry "GER"]
[SourceTitle "EXT 2008"]
[Source "ChessBase"]
[SourceDate "2007.11.25"]
[SourceVersion "1"]
[SourceVersionDate "2007.11.25"]
[SourceQuality "1"]

1. e4 c5 2. Nf3 d6 3. d4 cxd4 4. Nxd4 Nf6 5. Nc3 a6 6. f4 e6 7. Be3 Be7 8. a4 Nc6 9. Nb3 0-0 10. Bd3 b6 11. 0-0 Bb7 12. g4 Nd7 13. g5 Nc5 14. Nxc5 bxc5 15. Qh5 Nb4 16. Rf3 g6 17. Qh6 f5 18. gxf6 Bxf6 19. Bc4 Qe7 20. Rh3 d5 21. Bb3 c4 22. e5 Bh8 23. Ba2 Qg7 24. Qxg7+ Bxg7 25. Bb1 d4 26. Bxd4 Rxf4 27. Ne2 Rg4+ 28. Rg3 Rxg3+ 29. hxg3 Nc6 30. Ra3 Nxe5 31. Bxe5 Bxe5 32. Re3 Bxb2 33. Rxe6 Bd5 34. Rd6 Bf3 35. Nd4 Ba3 36. Rf6 Bd5 37. Ne2 Kg7 38. Rf4 Bd6 39. Rf1 Bc5+ 40. Kh2 Re8 41. Nc3 Bc6 42. Ba2 Bd4 43. Bxc4 Bxc3 44. Rf7+ Kh6 45. Rc7 Bxa4 46. Bxa6 Re3 0-1